Approaches to the concept of business intelligence systems in Slovak enterprises
Enregistré dans:
| Auteur principal: | |
|---|---|
| Autres auteurs: | |
| Format: | Chapitre de livre |
| Langue: | anglais |
| Sujets: | |
| Tags: |
Pas de tags, Soyez le premier à ajouter un tag!
|
MARC
| LEADER | 00000naa a2200000 4500 | ||
|---|---|---|---|
| 001 | 0180839 | ||
| 005 | 20240502073107.3 | ||
| 041 | 0 | |a eng | |
| 044 | |a SK | ||
| 245 | 1 | 0 | |a Approaches to the concept of business intelligence systems in Slovak enterprises |c Anna Hamranová, Anita Romanová |
| 610 | 2 | 0 | |a podnik |
| 610 | 2 | 0 | |a business intelligence |
| 610 | 2 | 0 | |a manažment |
| 610 | 2 | 0 | |a systémy informačné podnikové |
| 610 | 2 | 0 | |a Slovensko |
| 100 | 1 | |a Hamranová, Anna, 1957- | |
| 700 | 1 | |a Romanová, Anita, 1973- | |